000 00750nas a2200253 4500
001 BR9201410
003 BR-BrBNA
005 20231205092410.0
007 ta
008 230509b bl.|||p| |||| 00| 00por d
040 _aBR-BrBNA
_bpor
_cBiblioteca Nacional de Agricultura
041 _a(Pt)
072 _aM12
100 1 _aAlves, M.I.M.
100 1 _aLima, S.X. de
245 1 _aConsideracoes sobre a reproducao de Oreochromis (Oreochromis)niloticus (Linnaeus)
650 _aTILAPIA
650 _aDESOVA
650 _aESPERMATOGENESE
650 _aREPRODUCAO ANIMAL
773 0 _tCiencia Agronomica (Brazil)
_xISSN 0045-6888
_g(Dec 1987), v. 18(2) p. 51-56
_wBR9201410
909 _a202311
_bLúcia
_c55
_dLúcia Elande
942 _2AGRIS
_n0
_cANA
999 _c131435
_d131435